000 03055cam a22003854a 4500
999 _c219428
_d219428
001 13978311
003 Nust
005 20180118110450.0
008 050523s2005 nyua b 001 0 eng
010 _a 2005014867
020 _a9780521846356 (hardback)
020 _a0521846358 (hardback)
035 _a(OCoLC)ocm60454441
040 _aDLC
_beng
_cDLC
_dYDX
_dBAKER
_dIXA
_dYDXCP
_dBTCTA
_dTTU
_dOCLCG
_dIG#
_dDEBBG
_dAU@
_dHTM
_dOCLCQ
_dHDC
_dOCLCQ
_dDLC
050 0 0 _aQC311.5
_b.L38 2005
082 _a536.7 LAU
084 _aUG 3500
_2rvk
100 1 _aLaurendeau, Normand M.,
_d1944-
245 1 0 _aStatistical thermodynamics :
_bfundamentals and applications /
_cNormand M. Laurendeau.
260 _aNew York :
_bCambridge University Press,
_c2005.
300 _axvi, 448 p. :
_bill. ;
_c27 cm.
504 _aIncludes bibliographical references (p. 439-441) and index.
520 1 _a"Statistical Thermodynamics: Fundamentals and Applications discusses the fundamentals and applications of statistical thermodynamics for beginning graduate students in the engineering sciences. Building on the prototypical Maxwell-Boltzmann method and maintaining step-by-step development of the subject, this book makes few presumptions concerning students' previous exposure to statistics, quantum mechanics, or spectroscopy. The book begins with the essentials of statistical thermodynamics, pauses to recover needed knowledge from quantum mechanics and spectroscopy, and then moves on to applications involving ideal gases, the solid state, and radiation. A full introduction to kinetic theory is provided, including its applications to transport phenomena and chemical kinetics. A highlight of the textbook is its discussion of modern applications, such as laser-based diagnostics. The book concludes with a thorough presentation of the ensemble method, featuring its use for real gases"--
_cProvided by publisher.
520 8 _aEach chapter is carefully written to address student difficulties in learning this challenging subject, which is fundamental to combustion, propulsion, transport phenomena, spectroscopic measurements, and nanotechnology. Students are made comfortable with their new knowledge by the inclusion of both example and prompted homework problems."--Jacket.
610 2 4 _aWhitman College
_xMemorial bookplates
_xClass of 1978.
650 0 _aStatistical thermodynamics.
650 0 7 _aStatistische Thermodynamik.
_2swd
856 4 1 _3Table of contents
_uhttp://catdir.loc.gov/catdir/toc/ecip0513/2005014867.html
856 4 2 _3Contributor biographical information
_uhttp://catdir.loc.gov/catdir/enhancements/fy0733/2005014867-b.html
856 4 2 _3Publisher description
_uhttp://catdir.loc.gov/catdir/enhancements/fy0633/2005014867-d.html
906 _a7
_bcbc
_corignew
_d1
_eecip
_f20
_gy-gencatlg
942 _2ddc
_cBK